| 000 | 00375nam a2200145Ia 4500 | ||
|---|---|---|---|
| 008 | 210716s2006 xx 000 0 und d | ||
| 020 | _a8177581066 | ||
| 041 | _aeng | ||
| 082 | _a338.5 JEHG | ||
| 100 | _aJehle, Geoffrey A; Reny, Philip J. | ||
| 245 | _aAdvanced microeconomic theory. | ||
| 250 | _a2 | ||
| 260 |
_aNew Delhi _bPearson Education _c2006 |
||
| 300 | _axiv,541 | ||
| 999 |
_c201579 _d201579 |
||